LEADER 00749nam0-22002891i-450- 001 990006487980403321 005 20001010 035 $a000648798 035 $aFED01000648798 035 $a(Aleph)000648798FED01 035 $a000648798 100 $a20001010d--------km-y0itay50------ba 101 0 $aita 105 $ay-------001yy 200 1 $a"MELANGES"$e(reflexions d'hommes de culture) 210 $aParis$cs.e.$ds.d. 215 $a400 p.$d21 cm 300 $aIn testa al front.: Presence africaine 1947-1967. 676 $a960 801 0$aIT$bUNINA$gRICA$2UNIMARC 901 $aBK 912 $a990006487980403321 952 $aXIV E 3089$b29477$fFSPBC 959 $aFSPBC 996 $aMélanges$9227960 997 $aUNINA DB $aGEN01 LEADER 01321nam2-2200385---450- 001 990000439090203316 005 20050506181047.0 035 $a0043909 035 $aUSA010043909 035 $a(ALEPH)000043909USA01 035 $a0043909 100 $a20010510d1940----km-y0itay0103----ba 101 $alat 102 $aIT 105 $a||||||||001yy 200 1 $aBiographiae selectae$v2$fBernardinus a Colpetrazzo$gin lucem edidit a Melchiore a Pobladura 210 $aAssisi$cCollegio S. Lorenzo da Brindisi dei Minori cappuccini$d1940 215 $aXXX, 530 p.$d26 cm 225 2 $aMonumenta historica Ordinis minorum capuccinorum$v0003 410 $12001$aMonumenta historica Ordinis minorum capuccinorum$v0003 461 1$10010043902$12001$aHistoria Ordinis fratrum minorum capuccinorum, (1525-1593) 676 $a271.36 700 1$aBERNARDINO: da Colpetrazzo$0544988 702 1$aMELCHOR: de Pobladura 801 0$aIT$bsalbc$gISBD 912 $a990000439090203316 951 $aII 2 1193/3.2(XIV 239/III)$b103444 LM$cXIV 959 $aBK 969 $aUMA 979 $aPATTY$b90$c20010510$lUSA01$h1548 979 $c20020403$lUSA01$h1652 979 $aPATRY$b90$c20040406$lUSA01$h1630 979 $aCOPAT6$b90$c20050506$lUSA01$h1810 996 $aBiographiae selectae$9890295 997 $aUNISA LEADER 04413oam 2200769 c 450 001 996308821903316 005 20240424230227.0 010 $a3-8376-3513-9 010 $a3-8394-3513-7 024 7 $a10.14361/9783839435137 035 $a(CKB)3710000000981971 035 $a(DE-B1597)477273 035 $a(OCoLC)979837660 035 $a(OCoLC)987939148 035 $a(OCoLC)992528113 035 $a(DE-B1597)9783839435137 035 $a(MiAaPQ)EBC5493890 035 $a(Au-PeEL)EBL5493890 035 $a(transcript Verlag)9783839435137 035 $a(MiAaPQ)EBC6955932 035 $a(Au-PeEL)EBL6955932 035 $a(oapen)https://directory.doabooks.org/handle/20.500.12854/31589 035 $a(EXLCZ)993710000000981971 100 $a20220221d2016 uy 0 101 0 $ager 135 $aurbu#---uuuuu 181 $ctxt$2rdacontent 182 $cc$2rdamedia 183 $acr$2rdacarrier 200 10$aGesundheitswissen in der Schule$eSchulhygiene in der deutschsprachigen Schweiz im 19. und 20. Jahrhundert$fMiche?le Hofmann 205 $a1st ed. 210 $aBielefeld$ctranscript Verlag$d2016 215 $a1 online resource (306 pages) $cillustrations; digital, PDF file(s) 225 0 $aPa?dagogik 300 $aRevised doctoral thesis - Universität Bern, 2012. 311 18$aPrint version: 3837635139 320 $aIncludes bibliographical references. 327 $aFrontmatter 1 Inhalt 5 Dank 9 1. Einleitung 11 2. Anfa?nge der Schulhygiene in der zweiten Ha?lfte des 19. Jahrhunderts 29 3. Krankheiten in der Schule 71 4. ?Schu?leruntersuchungen? und schula?rztliches Personal 115 5. Schulzahnpflege 157 6. Schulische Alkoholpra?vention 185 7. Schulhygiene und Reformpa?dagogik: Das Beispiel der Landerziehungsheime in der deutschsprachigen Schweiz 213 8. Schluss 239 Quellen und Literatur 251 Backmatter 307 330 $aStichwort Schulhygiene - welche Folgen hatte der Prozess der allgemeinen Medikalisierung ab der Mitte des 19. Jahrhunderts auf das Schulwesen? Am Beispiel der deutschsprachigen Schweiz untersucht Miche?le Hofmann die nachhaltige Einflussnahme von A?rzten - als Vertreter einer zunehmend naturwissenschaftlich orientierten Medizin - auf die Volksschule. Sie zeichnet nach, wie diese Entwicklung zur Ausgestaltung einer Vielzahl schulhygienischer Maßnahmen fu?hrte, darunter etwa ada?quat konstruiertes Schulmobiliar, gut beleuchtete Klassenzimmer, angemessene Dauer der Unterrichtseinheiten sowie regelma?ßige a?rztliche und zahna?rztliche Untersuchungen der Schu?lerinnen und Schu?ler. 330 1 $aBesprochen in: Virus, 17 (2018), Annemarie Kinzelbach 410 0$aPa?dagogik 606 $aBildungsgeschichte; Wissensgeschichte; Schweiz; Schule; Gesundheit; 19. Jahrhundert; 20. Jahrhundert; Medizin; Medizingeschichte; Schulhygiene; Bildung; Kulturgeschichte; Wissenschaftsgeschichte; Geschichtswissenschaft; Pa?dagogik; History of Education; History of Knowledge; Switzerland; School; Health; 19th Century; 20th Century; Medicine; History of Medicine; Education; Cultural History; History of Science; History; Pedagogy; 610 $a19th Century. 610 $a20th Century. 610 $aCultural History. 610 $aEducation. 610 $aHealth. 610 $aHistory of Knowledge. 610 $aHistory of Medicine. 610 $aHistory of Science. 610 $aHistory. 610 $aMedicine. 610 $aPedagogy. 610 $aSchool. 610 $aSwitzerland. 615 4$aBildungsgeschichte; Wissensgeschichte; Schweiz; Schule; Gesundheit; 19. Jahrhundert; 20. Jahrhundert; Medizin; Medizingeschichte; Schulhygiene; Bildung; Kulturgeschichte; Wissenschaftsgeschichte; Geschichtswissenschaft; Pa?dagogik; History of Education; History of Knowledge; Switzerland; School; Health; 19th Century; 20th Century; Medicine; History of Medicine; Education; Cultural History; History of Science; History; Pedagogy; 676 $a370 686 $aDO 7006$2rvk 700 $aHofmann$b Miche?le$4aut$0960257 712 02$aSwiss National Science Foundation (SNSF)$4fnd$4http://id.loc.gov/vocabulary/relators/fnd 801 0$bDE-B1597 801 1$bDE-B1597 801 2$bUkMaJRU 906 $aBOOK 912 $a996308821903316 996 $aGesundheitswissen in der Schule$92176532 997 $aUNISA